La vertiente moral del derecho de autor su incongruente tutela en el m̀bito penal. Un estudio de derecho comparado /

Detalles Bibliográficos
Autor principal: Bianchi Přez, Paula Beatriz
Formato: eBook
Lenguaje:español
Publicado: Barcelona: J.M. Bosch Editor, 2020
Materias:
Acceso en línea:Acceso restringido

MARC

LEADER 00000nam a22000007a 4500
005 20220509222227.0
007 cr|||| |||
008 220509s2020 ea |||||s|||| 00||0 spa d
020 |a 978-84-122827-5-7 
035 |a 35604 
040 |a vLex 
090 |c 13297  |d 13297 
100 1 |a Bianchi Přez, Paula Beatriz 
245 1 2 |a La vertiente moral del derecho de autor  |h [Recurso electrn̤ico] :  |b su incongruente tutela en el m̀bito penal. Un estudio de derecho comparado /  |c Paula Beatriz Bianchi Přez 
256 |a Servicio en ln̕ea 
260 |a Barcelona:  |b J.M. Bosch Editor,  |c 2020 
300 |a 1 recurso electrn̤ico 
500 |a En el marco del derecho de autor tienen cabida una serie de prerrogativas, de naturaleza moral y patrimonial, que pueden verse afectadas por comportamientos de distinta n̕dole. Las nuevas tecnologa̕s de la comunicacin̤ y de la informacin̤ han facilitado enormemente el acceso y difusin̤ de las obras, pero al propio tiempo han incrementado exponencialmente las modalidades de vulneracin̤ de los derechos existentes respecto de las mismas. Tales infracciones pueden tener consecuencias diversas dependiendo de lo estipulado en cada ordenamiento jurd̕ico. En třminos generales, en los sistemas de tradicin̤ jurd̕ica latina tanto los derechos de naturaleza personal como patrimonial del autor se encuentran amparados en el m̀bito civil, no obstante, ello vara̕ sensiblemente cuando se pasa al m̀bito penal. Lo anterior justific ̤que en esta investigacin̤, a partir de la precisin̤ de aspectos bs̀icos relativos al derecho de autor como lo son su regulacin̤, naturaleza y contenido, se centrara la atencin̤ en su vertiente moral, a fin de valorar las opciones polt̕ico-criminales que en las legislaciones internas de los pas̕es iberoamericanos se han adoptado en la criminalizacin̤ de conductas infractoras de las prerrogativas de n̕dole personal. Para ello, una vez fundamentada la procedencia de la va̕ penal para la sancin̤ de las agresiones dolosas ms̀ graves a los derechos de divulgacin̤, paternidad e integridad de la obra, se identificaron dentro de las legislaciones de los veintids̤ pas̕es objeto de estudio las disposiciones penales tipificantes de delitos relativos al derecho de autor, de cuyo marco se extrajeron y consideraron las directamente relacionadas con las facultades morales. Dicho estudio evidenci ̤que las diferentes visiones respecto a cm̤o se concibe el derecho de autor, el peso especf̕ico que se le acuerda en su contexto a los derechos de naturaleza personal y patrimonial, el enfoque esencialmente econm̤ico en su valoracin̤, as ̕como la no inclusin̤ de los derechos morales en normativas armonizadoras que demandan estǹdares mn̕imos de proteccin̤ penal; ha derivado en una regulacin̤ y consecuente tutela penal de las facultades morales de autor absolutamente dism̕il e incongruente en el derecho comparado, que en la mayora̕ de los casos lejos est ̀de bridar una adecuada proteccin̤ punitiva. 
506 1 |a Disponible solo en los productos indicados  |d vLex Global  |d vLex Global (Academic Edition, excluding Law Schools)  |d vLex Global (U.S. Academic Edition, Law Schools)  |d vLex Global (U.S. Academic Edition, excluding Law Schools)  |d vLex Global (Academic Edition, Law Schools) 
650 0 4 |a Derecho Penal  |z Espaą 
650 0 4 |a Derecho Internacional  |z Espaą 
740 0 |a vLex Libros (Servicio en ln̕ea) 
856 4 0 |u https://app.vlex.com/#/sources/35604  |z Acceso restringido 
942 |c BOOK 
999 0 |a Criminal Law 
999 0 |a International Law